00455nam a2200157 a 4500008004100000020002300041100001800064245007200082260004400154300002700198650002600225700001900251003000100270005001700271040000900288  a1868124079X (pbk.)1 aPiron, Johan.10aManaging discipline and dismissal /c Johan Piron and Ronell Piron. aHalfway House :bSouthern Book ,c1992. axxvi, 191 p. ;c23 cm. aPersonnel Management. aPiron, Ronell.20230123122155.0 cNUST